000 00659nam a2200181 i 4500
001 28486
003 ES-MaACL
005 20230906153849.0
007 t|
008 030117e1872 sp ||||1| spa d
100 1 _aBaráibar y Zumárraga, Federico.
_925291
245 1 0 _aMemoria leída en la sesión inaugural del curso de 1872 á 1873 en el Ateneo de Vitoria /
_cpor el secretario general del mismo Federico Baraibar.
260 _aVitoria :
_b[s.n.],
_c1872 (
_fImp. de la Viuda de Egaña e hijos)
300 _a17 p. ;
_c21 cm.
610 2 _aAteneo de Vitoria-
_vMemorias.
_9151231
710 2 _aAteneo de Vitoria.
_91848
852 _aES-MaACL
_jT-171-F-16
999 _c28486
_d28486